TOP 10 najdroższych transferów letniego okienka transferowego - Statystyki

Ogólne statystyki
  • Ten quiz został rozwiązany 32 razy
  • Średni wynik to 6 z 10
Statystyki odpowiedzi
Klub Oddający Klub Pozyskujący Kwota Transferu Piłkarz % Poprawnych
Manchester City Atletico Madryt 75,00 MLN Julián Alvarez
97%
RB Lipsk FC Barcelona 55,00 MLN Dani Olmo
93%
Crystal Palace Bayern Monachium 53,00 MLN Michael Olise
83%
AFC Bournemouth Tottenham Hotspur 64,30 MLN Dominic Solanke
66%
LOSC Lille Manchester United 62,00 MLN Leny Yoro
62%
Aston Villa Al-Ittihad 60,00 MLN Moussa Diaby
59%
Wolverhampton Chelsea FC 60,00 MLN Pedro Neto
52%
Everton Aston Villa 59,35 MLN Amadou Onana
48%
Benfica PSG 59,92 MLN João Neves
48%
Atalanta Juventus Turyn 54,70 MLN Teun Koopmeiners
41%
Nie znaleziono quizów pasujących do podanych kryteriów
Rozkład punktacji
Procent ludzi z każdym wynikiem
Percentyl według liczby udzielonych odpowiedzi
Twoja historia wyników
Nie rozwiązałeś tego quizu